000 00566nam a2200241 a 4500
001 nice12345678
003 IN_TiNIC
005 20260116011353.0
008 050524s1964 dela grp 000 0 urd
020 _a
_c3.5
082 0 0 _a297.5
_bNAD2
100 _aNadwi, Jaleel Ahsan
245 _aRaah-I-Amal
260 _aDelhi
_bMaktaba Alhasnat
_c1964
300 _a350p
500 _aincludes index and biblioraphy
505 2 _aTable
650 _aIslam-Moral Theology
700 1 _aNadwi, Jaleel Ahsan
902 _bSRS
942 _cBK
999 _c938
_d938